[Event "SR 2. liga A 2010/2011"]
[Site "?"]
[Date "2011.02.05"]
[Round "34.5"]
[White "Krajnak, Robert"]
[Black "Lauf, Pavol"]
[Result "1/2-1/2"]
[WhiteElo "2083"]
[BlackElo "2143"]
[PlyCount "202"]
[EventDate "2010.??.??"]
[WhiteTeam "Slovakia"]
[BlackTeam "Slovakia"]
[WhiteTeamCountry "SVK"]
[BlackTeamCountry "SVK"]

1. c4 Nf6 2. Nf3 g6 3. b3 Bg7 4. Bb2 O-O 5. e3 b6 6. Be2 Bb7 7. O-O c5 8. d3 e6
9. Nbd2 Nc6 10. a3 Qe7 11. Re1 Rfd8 12. Bf1 d5 13. Ne5 Qc7 14. Nxc6 Qxc6 15.
Nf3 Nd7 16. Bxg7 Kxg7 17. Qc2 e5 18. cxd5 Qxd5 19. Qb2 f6 20. b4 Rac8 21. b5
Nf8 22. Nd2 Ne6 23. Ne4 Qd7 24. Nc3 Ng5 25. h4 Nf7 26. Qe2 Qe6 27. a4 Rc7 28.
a5 Rcd7 29. axb6 axb6 30. Red1 Nd6 31. Ra3 Nf5 32. Qg4 Qe7 33. Rda1 h5 34. Qh3
Nh6 35. Be2 Rc7 36. Ne4 Bxe4 37. dxe4 Qd7 38. Qxd7+ Rdxd7 39. Bc4 Rd8 40. Ra7
Rdd7 41. Rxc7 Rxc7 42. Ra6 Rb7 43. Bd5 Rb8 44. Ra7+ Kf8 45. Kf1 Ng8 46. Rf7+
Ke8 47. Ke2 Rd8 48. Rb7 Ne7 49. Rxb6 f5 50. Re6 fxe4 51. Bxe4 Kd7 52. Rxe5 Kd6
53. Rg5 Rb8 54. Bd3 Rc8 55. Bc4 Ra8 56. e4 Ra4 57. Kd3 Ra3+ 58. Kc2 Ra8 59. Kb3
Rf8 60. f3 Rf4 61. Bd5 Rxh4 62. Bf7 Rh1 63. Bxg6 Rb1+ 64. Kc2 Rxb5 65. Bxh5 Ra5
66. Be8 Ra8 67. Bb5 Rb8 68. Bc4 Nc6 69. Rg6+ Kc7 70. Bd5 Nd4+ 71. Kc3 Rb1 72.
Bf7 Rc1+ 73. Kd3 Nb5 74. e5 Nd4 75. f4 Nc6 76. Kd2 Rf1 77. Bd5 Nd4 78. g3 Rf2+
79. Kd3 Rf1 80. Rg7+ Kd8 81. Be4 Rd1+ 82. Kc4 Ne6 83. Rg8+ Ke7 84. Bf5 Rc1+ 85.
Kd3 Nd4 86. Bg4 Rg1 87. Kc4 Rxg3 88. Kxc5 Nf5 89. Rg6 Nh4 90. Rg5 Ng2 91. Bh3
Rxg5 92. fxg5 Nf4 93. Bf5 Nh5 94. Kc6 Ng7 95. Bg4 Ne8 96. Kd5 Kf8 97. Ke6 Ng7+
98. Kd7 Kf7 99. Be6+ Kg6 100. Ke7 Kxg5 101. Bd7 Kf4 1/2-1/2

[Event "SR 2. liga A 2010/2011"]
[Site "?"]
[Date "2011.02.05"]
[Round "34.6"]
[White "Grich, Juraj"]
[Black "Magyar, Frantisek"]
[Result "1-0"]
[WhiteElo "2027"]
[BlackElo "2079"]
[PlyCount "55"]
[EventDate "2010.??.??"]
[WhiteTeam "Slovakia"]
[BlackTeam "Slovakia"]
[WhiteTeamCountry "SVK"]
[BlackTeamCountry "SVK"]

1. d4 Nf6 2. c4 g6 3. Nc3 Bg7 4. e4 d6 5. f3 O-O 6. Be3 e5 7. Nge2 Nc6 8. Qd2
Nd7 9. d5 Ne7 10. g4 f5 11. gxf5 gxf5 12. Bh6 f4 13. Rg1 Ng6 14. Bg5 Bf6 15. h4
Kf7 16. O-O-O Nxh4 17. Bxh4 Bxh4 18. Bh3 Bf2 19. Nxf4 Bxg1 20. Ne6 Qh4 21. Rxg1
Rg8 22. Rxg8 Kxg8 23. Qg2+ Kf7 24. Qg7+ Ke8 25. Nxc7+ Kd8 26. Ne6+ Ke8 27. Qg8+
Ke7 28. Qd8+ 1-0

[Event "SR 2. liga A 2010/2011"]
[Site "?"]
[Date "2011.02.05"]
[Round "34.7"]
[White "Goga, Frantisek"]
[Black "Gettler, Daniel"]
[Result "0-1"]
[WhiteElo "1912"]
[BlackElo "2004"]
[PlyCount "120"]
[EventDate "2010.??.??"]
[WhiteTeam "Slovakia"]
[BlackTeam "Slovakia"]
[WhiteTeamCountry "SVK"]
[BlackTeamCountry "SVK"]

1. e4 c5 2. Nf3 e6 3. c3 a6 4. d4 b5 5. Bd3 Bb7 6. O-O Nf6 7. Re1 d6 8. a4 Qb6
9. axb5 axb5 10. Rxa8 Bxa8 11. Na3 c4 12. Bb1 Be7 13. b3 Nbd7 14. bxc4 bxc4 15.
Qa4 O-O 16. Qxc4 d5 17. exd5 Bxd5 18. Qd3 Rc8 19. Ne5 g6 20. Nxd7 Nxd7 21. Bc2
Qc6 22. c4 Bxc4 23. Nxc4 Qxc4 24. Qxc4 Rxc4 25. Bd3 Rxd4 26. Bb5 Rd5 27. Bc6
Rd6 28. Bf3 Ra6 29. Kf1 Ra1 30. Be3 Rxe1+ 31. Kxe1 h5 32. h3 f5 33. Bc6 Ne5 34.
Bb5 g5 35. Bd4 Ng6 36. Be8 Nf4 37. Kf1 Kf8 38. Bd7 Kf7 39. Be3 Ng6 40. g3 Bf6
41. Ba4 Bd8 42. Ke2 Kf6 43. Be8 Bc7 44. Bc1 Be5 45. Kf3 Bd4 46. Ke2 e5 47. f3
h4 48. Bxg6 hxg3 49. Kf1 Kxg6 50. Kg2 f4 51. Ba3 Kf6 52. Bd6 Bb6 53. Bf8 Bd8
54. Bc5 Be7 55. Bb6 Kf5 56. Ba7 e4 57. fxe4+ Kxe4 58. Bb6 Bf6 59. Bc7 Be5 60.
Bb6 f3+ 0-1

[Event "SR 2. liga A 2010/2011"]
[Site "?"]
[Date "2011.02.05"]
[Round "34.8"]
[White "Chovanec, Vladimir"]
[Black "Jelenciak, Jozef"]
[Result "1-0"]
[WhiteElo "2082"]
[BlackElo "1934"]
[PlyCount "127"]
[EventDate "2010.??.??"]
[WhiteTeam "Slovakia"]
[BlackTeam "Slovakia"]
[WhiteTeamCountry "SVK"]
[BlackTeamCountry "SVK"]

1. e4 Nf6 2. e5 Nd5 3. d4 d6 4. Nf3 g6 5. Bc4 Nb6 6. Bb3 Bg7 7. Qe2 d5 8. h3
Nc6 9. Nc3 Be6 10. Bf4 Qd7 11. O-O-O Na5 12. Qb5 Qxb5 13. Nxb5 Kd7 14. Ng5
Nxb3+ 15. axb3 a6 16. Nxe6 fxe6 17. Nc3 Raf8 18. Be3 h5 19. Kd2 Bh6 20. Rhf1
Bxe3+ 21. fxe3 Ke8 22. Ke2 Rxf1 23. Rxf1 Rf8 24. Rxf8+ Kxf8 25. h4 Kf7 26. Kf3
Nd7 27. Kf4 Nb6 28. Kg5 Kg7 29. Ne2 Nd7 30. Nf4 Nf8 31. Nd3 Nd7 32. Nf4 Nf8 33.
Nd3 Nd7 34. Kf4 Kf7 35. Nf2 Nf8 36. Nd3 Nd7 37. Nf2 Nf8 38. Nh3 Nh7 39. e4 Kg7
40. Nf2 Kh6 41. exd5 exd5 42. Nd3 g5+ 43. hxg5+ Nxg5 44. Kf5 b6 45. Nf4 c5 46.
Nh3 Ne4 47. Ke6 cxd4 48. Kxd5 Nc5 49. Kxd4 Kg6 50. b4 Ne6+ 51. Ke4 Nc7 52. c4
h4 53. Nf4+ Kg5 54. Nd5 Ne6 55. Nxe7 Kg4 56. Ng6 Kg3 57. Kd5 Ng5 58. e6 Kxg2
59. Nxh4+ Kg3 60. e7 Nh7 61. Ke6 Ng5+ 62. Kd7 Ne4 63. Nf5+ Kf4 64. Nd6 1-0

[Event "SR 2. liga A 2010/2011"]
[Site "?"]
[Date "2011.02.05"]
[Round "35.1"]
[White "Pagerka, Martin"]
[Black "Likavsky, Tomas"]
[Result "0-1"]
[WhiteElo "2263"]
[BlackElo "2459"]
[PlyCount "66"]
[EventDate "2010.??.??"]
[WhiteTeam "Slovakia"]
[BlackTeam "Slovakia"]
[WhiteTeamCountry "SVK"]
[BlackTeamCountry "SVK"]

1. e4 c5 2. Nf3 d6 3. d4 cxd4 4. Nxd4 Nf6 5. Nc3 Nc6 6. Bg5 e6 7. Qd2 a6 8. f3
Be7 9. O-O-O Nxd4 10. Qxd4 Qc7 11. Bh4 O-O 12. Na4 b5 13. Nb6 Rb8 14. Nxc8
Rfxc8 15. Rd2 d5 16. Bg3 Qa5 17. Bxb8 Qxa2 18. Kd1 Rxb8 19. e5 Nd7 20. Qa7 Rd8
21. Qc7 Qxb2 22. c3 Qb1+ 23. Ke2 b4 24. c4 Qc1 25. Rd4 b3 26. Kf2 b2 27. Bd3
Qxh1 28. cxd5 exd5 29. Rxd5 b1=Q 30. Bxb1 Qxb1 31. Rxd7 Rxd7 32. Qxd7 Bc5+ 33.
Kg3 Qe1+ 0-1

[Event "SR 2. liga A 2010/2011"]
[Site "?"]
[Date "2011.02.05"]
[Round "35.2"]
[White "Doucha, Ludvik"]
[Black "Cajka, Tibor"]
[Result "1-0"]
[WhiteElo "2099"]
[BlackElo "2111"]
[PlyCount "71"]
[EventDate "2010.??.??"]
[WhiteTeam "Slovakia"]
[BlackTeam "Slovakia"]
[WhiteTeamCountry "SVK"]
[BlackTeamCountry "SVK"]

1. e4 c5 2. c4 Nc6 3. Ne2 g6 4. d4 cxd4 5. Nxd4 Bg7 6. Be3 Nf6 7. Nc3 Qa5 8.
Nb3 Qd8 9. Be2 O-O 10. O-O d6 11. Rc1 Bd7 12. f3 Ne8 13. Qd2 Rc8 14. Rfd1 Be6
15. Nd5 b6 16. Kh1 Nc7 17. Qe1 Bxb2 18. Rc2 Ba3 19. Bh6 Re8 20. f4 f6 21. g4
Bf7 22. g5 Nxd5 23. exd5 Nb4 24. Rcd2 b5 25. cxb5 Nxd5 26. Rxd5 Bxd5+ 27. Rxd5
e6 28. Rd1 Qd7 29. gxf6 Kf7 30. Qd2 d5 31. Nd4 Bd6 32. Bg4 Qb7 33. Re1 Bc5 34.
Nxe6 Be3 35. Qxe3 d4+ 36. Qe4 1-0

[Event "SR 2. liga A 2010/2011"]
[Site "?"]
[Date "2011.02.05"]
[Round "35.3"]
[White "Bury, Rastislav"]
[Black "Arendas, Marek"]
[Result "1-0"]
[WhiteElo "2187"]
[BlackElo "2089"]
[PlyCount "121"]
[EventDate "2010.??.??"]
[WhiteTeam "Slovakia"]
[BlackTeam "Slovakia"]
[WhiteTeamCountry "SVK"]
[BlackTeamCountry "SVK"]

1. d4 d5 2. Nf3 Nf6 3. g3 g6 4. Bg2 Bg7 5. O-O O-O 6. c4 c6 7. cxd5 cxd5 8. Nc3
Nc6 9. Bf4 Bf5 10. Ne5 Ne4 11. Nxc6 bxc6 12. Nxe4 Bxe4 13. Bxe4 dxe4 14. Be3
Qd5 15. Qa4 Rfd8 16. Rfd1 Qb5 17. Qc2 Qd5 18. Rd2 Rd7 19. Rad1 Qxa2 20. Qxe4
Qd5 21. Qc2 Rb7 22. Rc1 Rc8 23. Qa4 e6 24. Rc5 Qb3 25. Qxb3 Rxb3 26. Rdc2 Bf8
27. Rxc6 Rxc6 28. Rxc6 Rxb2 29. Rc8 Kg7 30. d5 Rb1+ 31. Kg2 exd5 32. Bd4+ f6
33. Rc7+ Kg8 34. Rxa7 Bg7 35. Ra5 Re1 36. e3 Rc1 37. Rxd5 Rc7 38. Ra5 f5 39.
Ra7 Rxa7 40. Bxa7 Kf7 41. Kf3 Ke6 42. Ke2 Kd5 43. Kd3 Bf6 44. f3 Be7 45. Bd4
Bd6 46. e4+ Ke6 47. Bf2 Bc7 48. Be3 Bd8 49. Kc4 Be7 50. exf5+ Kxf5 51. Kd5 Kf6
52. h4 h5 53. Bg5+ Kf7 54. Bxe7 Kxe7 55. Ke5 Kf7 56. f4 Ke7 57. f5 Kf7 58. f6
Kf8 59. Ke6 Ke8 60. f7+ Kf8 61. Kf6 1-0

[Event "SR 2. liga A 2010/2011"]
[Site "?"]
[Date "2011.02.05"]
[Round "35.4"]
[White "Liptak, Dusan"]
[Black "Polasek, Filip"]
[Result "1/2-1/2"]
[WhiteElo "2086"]
[BlackElo "2113"]
[PlyCount "82"]
[EventDate "2010.??.??"]
[WhiteTeam "Slovakia"]
[BlackTeam "Slovakia"]
[WhiteTeamCountry "SVK"]
[BlackTeamCountry "SVK"]

1. d4 d5 2. c4 e6 3. Nc3 Nf6 4. cxd5 exd5 5. Bg5 Be7 6. e3 O-O 7. Bd3 Be6 8.
Nge2 Nbd7 9. Rc1 Rc8 10. O-O c6 11. h3 Ne8 12. Bxe7 Qxe7 13. Qa4 Nd6 14. Nf4 b6
15. b4 b5 16. Qc2 Nf6 17. Nce2 Nc4 18. Bxc4 bxc4 19. Nxe6 fxe6 20. Rb1 Rb8 21.
Qa4 Ne4 22. Rb2 Rb5 23. f3 c3 24. Rc2 Qg5 25. Nf4 e5 26. dxe5 Nd2 27. Rxc3 Nxf1
28. Kxf1 Qxe5 29. Ne2 Rfb8 30. Qxa7 Rxb4 31. Rxc6 d4 32. exd4 Qe3 33. Rc1 Rb1
34. Qc5 Rxc1+ 35. Nxc1 Rb2 36. Qd5+ Kf8 37. Qd8+ Kf7 38. Qd7+ Kf6 39. Qd6+ Kf5
40. Qd7+ Kg5 41. Qxg7+ Kh5 1/2-1/2

[Event "SR 2. liga A 2010/2011"]
[Site "?"]
[Date "2011.02.05"]
[Round "35.5"]
[White "Vach, Pavol"]
[Black "Hertel, Ondrej"]
[Result "0-1"]
[WhiteElo "2111"]
[BlackElo "2072"]
[PlyCount "62"]
[EventDate "2010.??.??"]
[WhiteTeam "Slovakia"]
[BlackTeam "Slovakia"]
[WhiteTeamCountry "SVK"]
[BlackTeamCountry "SVK"]

1. d4 d5 2. c4 c6 3. Nc3 Nf6 4. Nf3 e6 5. Bg5 Nbd7 6. e3 Qa5 7. Bxf6 Nxf6 8. a3
dxc4 9. Bxc4 Bd6 10. O-O O-O 11. h3 Qc7 12. Rc1 b6 13. Ng5 h6 14. Nge4 Nxe4 15.
Nxe4 Be7 16. Qe2 Qd7 17. Rfd1 Bb7 18. Ng3 Rfd8 19. Qg4 Bf8 20. Nh5 Qe7 21. Nf4
Rd6 22. Bb3 Rad8 23. Nd3 c5 24. Ne5 Qf6 25. Nc4 R6d7 26. dxc5 Bxc5 27. Rxd7
Rxd7 28. Rd1 Rxd1+ 29. Bxd1 Bd5 30. b4 Be7 31. Bc2 Qc3 0-1

[Event "SR 2. liga A 2010/2011"]
[Site "?"]
[Date "2011.02.05"]
[Round "35.6"]
[White "Sturdik, Igor"]
[Black "Pericka, Tomas"]
[Result "1/2-1/2"]
[WhiteElo "2071"]
[BlackElo "1966"]
[PlyCount "41"]
[EventDate "2010.??.??"]
[WhiteTeam "Slovakia"]
[BlackTeam "Slovakia"]
[WhiteTeamCountry "SVK"]
[BlackTeamCountry "SVK"]

1. e4 c5 2. Nf3 Nc6 3. d4 cxd4 4. Nxd4 g6 5. Nc3 Bg7 6. Be3 Nf6 7. Bc4 Qa5 8.
O-O O-O 9. Nb3 Qh5 10. Be2 Qh4 11. f4 d6 12. h3 Nh5 13. Bxh5 Qxh5 14. Qxh5 gxh5
15. Rad1 f5 16. Nd4 fxe4 17. Nxe4 Bxd4 18. Bxd4 Bf5 19. Nc3 Bxc2 20. Rd2 Bf5
21. Be3 1/2-1/2

[Event "SR 2. liga A 2010/2011"]
[Site "?"]
[Date "2011.02.05"]
[Round "35.7"]
[White "Jozefek, Michal"]
[Black "Puchart, Vladimir"]
[Result "0-1"]
[WhiteElo "1899"]
[BlackElo "2064"]
[PlyCount "62"]
[EventDate "2010.??.??"]
[WhiteTeam "Slovakia"]
[BlackTeam "Slovakia"]
[WhiteTeamCountry "SVK"]
[BlackTeamCountry "SVK"]

1. d4 Nf6 2. c4 e6 3. Nc3 d5 4. cxd5 exd5 5. Bg5 Be7 6. e3 O-O 7. Bd3 Nbd7 8.
Nge2 Re8 9. O-O Nf8 10. f3 Ne6 11. Bh4 c6 12. Qc2 g6 13. Rae1 Qc7 14. Bg3 Bd6
15. Bxd6 Qxd6 16. f4 Ng4 17. Ng3 Ng7 18. Qd2 h5 19. e4 dxe4 20. Bxe4 h4 21.
Nge2 Bf5 22. Qd3 Rad8 23. Rd1 Nf6 24. Bxf5 Nxf5 25. Rf3 Ng4 26. d5 cxd5 27. Nd4
Qb6 28. h3 Nge3 29. Rd2 Nc4 30. Nxd5 Rxd5 31. Qxc4 Rxd4 0-1

[Event "SR 2. liga A 2010/2011"]
[Site "?"]
[Date "2011.02.05"]
[Round "35.8"]
[White "Mosny, Jaroslav"]
[Black "Diviak, Rastislav"]
[Result "0-1"]
[WhiteElo "1982"]
[BlackElo "2014"]
[PlyCount "78"]
[EventDate "2010.??.??"]
[WhiteTeam "Slovakia"]
[BlackTeam "Slovakia"]
[WhiteTeamCountry "SVK"]
[BlackTeamCountry "SVK"]

1. d4 d5 2. c4 e6 3. Nc3 c6 4. e3 Nf6 5. Nf3 Nbd7 6. Bd3 dxc4 7. Bxc4 b5 8. Bd3
Bb7 9. O-O a6 10. e4 c5 11. d5 c4 12. dxe6 fxe6 13. Bc2 Qc7 14. e5 Nxe5 15.
Nxe5 Qxe5 16. Re1 Qd6 17. Qxd6 Bxd6 18. Rxe6+ Kd7 19. Re1 Rae8 20. Bg5 Kc7 21.
Rad1 Re5 22. Rxe5 Bxe5 23. Re1 Bd6 24. h3 h6 25. Be3 Re8 26. Kf1 Re5 27. Rd1 b4
28. Ne2 Nd5 29. Bc1 a5 30. Nd4 Ba6 31. Kg1 Bc5 32. Nf3 Re2 33. Rxd5 Bxf2+ 34.
Kh2 Rxc2 35. Bf4+ Kb6 36. Ne5 Rxb2 37. Nd7+ Kc6 38. Rd6+ Kb7 39. Rb6+ Bxb6 0-1

[Event "SR 2. liga A 2010/2011"]
[Site "?"]
[Date "2011.02.05"]
[Round "36.1"]
[White "Rachela, Milan"]
[Black "Kundrik, Peter"]
[Result "1-0"]
[WhiteElo "2395"]
[BlackElo "2226"]
[PlyCount "73"]
[EventDate "2010.??.??"]
[WhiteTeam "Slovakia"]
[BlackTeam "Slovakia"]
[WhiteTeamCountry "SVK"]
[BlackTeamCountry "SVK"]

1. Nf3 Nf6 2. c4 g6 3. Nc3 Bg7 4. d4 d6 5. e4 O-O 6. Be2 e5 7. O-O Na6 8. Be3
Ng4 9. Bg5 f6 10. Bd2 c6 11. d5 c5 12. a3 f5 13. b4 cxb4 14. axb4 Nxb4 15. Ng5
Na6 16. exf5 gxf5 17. Bxg4 fxg4 18. Nce4 Qe7 19. Rxa6 bxa6 20. Bb4 Rd8 21. c5
h6 22. cxd6 Qe8 23. Ne6 Bxe6 24. dxe6 Qxe6 25. Ba5 Qf5 26. Bxd8 Rxd8 27. Qd3
Bf8 28. Rd1 Rd7 29. Qd5+ Kg7 30. h3 gxh3 31. Rd3 h2+ 32. Kxh2 Kh7 33. Rf3 Qh5+
34. Kg1 Bg7 35. Qc6 Rd8 36. Qc7 Qg6 37. Nf6+ 1-0

[Event "SR 2. liga A 2010/2011"]
[Site "?"]
[Date "2011.02.05"]
[Round "36.2"]
[White "Mihalik, Marek"]
[Black "Petenyi, Tamas"]
[Result "0-1"]
[WhiteElo "2080"]
[BlackElo "2378"]
[PlyCount "124"]
[EventDate "2010.??.??"]
[WhiteTeam "Slovakia"]
[BlackTeam "Slovakia"]
[WhiteTeamCountry "SVK"]
[BlackTeamCountry "SVK"]

1. d4 d5 2. c4 c6 3. Nf3 Nf6 4. Nc3 e6 5. cxd5 exd5 6. Bg5 Be7 7. e3 Nh5 8.
Bxe7 Qxe7 9. Bd3 Nf4 10. O-O Nxd3 11. Qxd3 O-O 12. Rac1 Bg4 13. Ne5 Be6 14. Na4
f6 15. Nf3 Bg4 16. Nd2 Nd7 17. Nc5 Nxc5 18. Rxc5 Rae8 19. b4 a6 20. a4 f5 21.
f3 Bh5 22. Re1 f4 23. e4 Bg6 24. Qb3 Qh4 25. Rec1 Bf7 26. e5 Re6 27. b5 Rg6 28.
Qd3 axb5 29. axb5 Be6 30. Nf1 Bh3 31. R1c2 Bf5 32. Qe2 Bxc2 33. Qxc2 Qh6 34.
Qa2 Qh5 35. bxc6 bxc6 36. Rxc6 Rd8 37. Rc3 Qg5 38. Qc2 Qe7 39. Rc7 Qb4 40. Qd3
Qb2 41. Rc2 Qb6 42. Rc5 Rc6 43. Rb5 Rc3 44. Qxc3 Qxb5 45. Qd2 Ra8 46. Qc3 Qc4
47. Qb2 h6 48. e6 Qc6 49. Qe2 Qd6 50. h3 Re8 51. Nh2 Qxe6 52. Qxe6+ Rxe6 53.
Ng4 Re1+ 54. Kf2 Rd1 55. Ne5 Rxd4 56. Nc6 Rd2+ 57. Ke1 Rxg2 58. Ne7+ Kf7 59.
Nxd5 g5 60. Nc3 Rg3 61. Kf2 Rxh3 62. Kg2 g4 0-1

[Event "SR 2. liga A 2010/2011"]
[Site "?"]
[Date "2011.02.05"]
[Round "36.3"]
[White "Jablonicky, Frantisek"]
[Black "Benovic, Marek"]
[Result "0-1"]
[WhiteElo "2150"]
[BlackElo "1988"]
[PlyCount "60"]
[EventDate "2010.??.??"]
[WhiteTeam "Slovakia"]
[BlackTeam "Slovakia"]
[WhiteTeamCountry "SVK"]
[BlackTeamCountry "SVK"]

1. Nf3 d5 2. d4 Nf6 3. c4 e6 4. g3 c6 5. Nbd2 Bd6 6. Bg2 O-O 7. O-O b6 8. Qc2
Na6 9. e4 dxe4 10. Nxe4 Nxe4 11. Qxe4 Bb7 12. Ng5 g6 13. Qh4 h5 14. g4 Kg7 15.
gxh5 Rh8 16. h6+ Kf8 17. Re1 Nc7 18. Re3 Be7 19. Rf3 f6 20. Qe4 Rxh6 21. Nxe6+
Nxe6 22. Bxh6+ Kf7 23. Rd1 f5 24. Bh3 Bf6 25. Rxf5 gxf5 26. Qxf5 Qg8+ 27. Kf1
Re8 28. Re1 Bc8 29. d5 cxd5 30. cxd5 Ba6+ 0-1

[Event "SR 2. liga A 2010/2011"]
[Site "?"]
[Date "2011.02.05"]
[Round "36.4"]
[White "Stepanovic, Branislav"]
[Black "Lehocky, Viktor"]
[Result "1-0"]
[WhiteElo "2011"]
[BlackElo "2075"]
[PlyCount "113"]
[EventDate "2010.??.??"]
[WhiteTeam "Slovakia"]
[BlackTeam "Slovakia"]
[WhiteTeamCountry "SVK"]
[BlackTeamCountry "SVK"]

1. e4 e6 2. d4 d5 3. Nd2 Nf6 4. e5 Nfd7 5. c3 c5 6. Bd3 Nc6 7. Ne2 cxd4 8. cxd4
Qb6 9. Nf3 f6 10. exf6 Nxf6 11. O-O Bd6 12. Bf4 Bxf4 13. Nxf4 O-O 14. Re1 Ne4
15. g3 e5 16. Bxe4 dxe4 17. Nxe5 Nxe5 18. dxe5 g5 19. Qd5+ Kh8 20. e6 gxf4 21.
Qe5+ Kg8 22. Rxe4 Bxe6 23. Qxe6+ Qxe6 24. Rxe6 f3 25. h3 Rac8 26. a4 Rc2 27. b4
Rb2 28. b5 Rb4 29. Re7 Rf7 30. Rxf7 Kxf7 31. Ra3 Kg6 32. Rxf3 Rxa4 33. Rd3 Rb4
34. Rd5 Kf6 35. g4 Rb3 36. Kg2 Ke6 37. Rh5 Kf6 38. f3 Kg6 39. Kg3 Rc3 40. Rd5
Rc7 41. Rd6+ Kf7 42. h4 Ke7 43. Rh6 Kf8 44. b6 axb6 45. Rxb6 Kg7 46. g5 Kg8 47.
Kg4 Kg7 48. f4 Kf7 49. h5 Kg8 50. Kf5 Rf7+ 51. Kg4 Rc7 52. Rb4 Kf8 53. f5 Ke8
54. g6 hxg6 55. hxg6 Kf8 56. Kg5 Kg8 57. f6 1-0

[Event "SR 2. liga A 2010/2011"]
[Site "?"]
[Date "2011.02.05"]
[Round "36.5"]
[White "Ujhelyi, Matus"]
[Black "Manak, Jozef"]
[Result "1/2-1/2"]
[WhiteElo "2006"]
[BlackElo "2032"]
[PlyCount "50"]
[EventDate "2010.??.??"]
[WhiteTeam "Slovakia"]
[BlackTeam "Slovakia"]
[WhiteTeamCountry "SVK"]
[BlackTeamCountry "SVK"]

1. e4 c5 2. Nf3 a6 3. Nc3 e6 4. d4 cxd4 5. Nxd4 Nc6 6. Be3 Nf6 7. f3 Be7 8. Qd2
Qc7 9. Be2 b5 10. a3 Bb7 11. O-O Rc8 12. Rac1 O-O 13. Nxc6 dxc6 14. Rfd1 Rfd8
15. Qe1 c5 16. Rxd8+ Rxd8 17. Na2 c4 18. Rd1 Rxd1 19. Qxd1 Qd7 20. c3 Qxd1+ 21.
Bxd1 Nd7 22. a4 Nc5 23. axb5 axb5 24. Nb4 f6 25. Kf2 Kf7 1/2-1/2

[Event "SR 2. liga A 2010/2011"]
[Site "?"]
[Date "2011.02.05"]
[Round "36.6"]
[White "Manak, Adrian"]
[Black "Kantor, Reka"]
[Result "1/2-1/2"]
[WhiteElo "1909"]
[BlackElo "2003"]
[PlyCount "136"]
[EventDate "2010.??.??"]
[WhiteTeam "Slovakia"]
[BlackTeam "Slovakia"]
[WhiteTeamCountry "SVK"]
[BlackTeamCountry "SVK"]

1. e4 e5 2. Nf3 Nc6 3. Bb5 a6 4. Ba4 Nf6 5. O-O Nxe4 6. d4 b5 7. Bb3 d5 8. dxe5
Be6 9. c3 Be7 10. Nbd2 O-O 11. Bc2 f5 12. Nb3 Qd7 13. Nfd4 Nxd4 14. Nxd4 c5 15.
Nxe6 Qxe6 16. f3 Ng5 17. Qe2 Nf7 18. f4 g6 19. Be3 Rab8 20. Rfd1 Rfd8 21. h3 b4
22. Rab1 a5 23. Qf3 bxc3 24. bxc3 Rxb1 25. Bxb1 Qb6 26. Bf2 d4 27. Bc2 dxc3 28.
Rxd8+ Nxd8 29. Qxc3 Qb4 30. Qxb4 axb4 31. Bb3+ Kf8 32. Bd5 h6 33. Kf1 g5 34. g3
Ke8 35. Ke2 Kd7 36. Kd3 Kc7 37. Kc4 Kb6 38. Be3 Nc6 39. Be6 gxf4 40. gxf4 Na5+
41. Kd3 Kc6 42. Bxf5 c4+ 43. Kd2 b3 44. axb3 Bb4+ 45. Kc1 cxb3 46. Be6 Bc3 47.
f5 Bxe5 48. Bxh6 b2+ 49. Kc2 Nb7 50. Ba2 Nc5 51. Bf8 Bf6 52. h4 Bxh4 53. Kxb2
Bf6+ 54. Kc2 Ne4 55. Kd3 Nd6 56. Be6 Ne8 57. Ke4 Ng7 58. Bc8 Kc7 59. Ba6 Kd8
60. Bb5 Ba1 61. Bd6 Bf6 62. Bd3 Ne8 63. Bf8 Ng7 64. Kd5 Ke8 65. Bd6 Kf7 66. Kc6
Nxf5 67. Bxf5 Bc3 68. Kd5 Kf6 1/2-1/2

[Event "SR 2. liga A 2010/2011"]
[Site "?"]
[Date "2011.02.05"]
[Round "36.7"]
[White "Takacs, Laszlo"]
[Black "Nemsak, Denis"]
[Result "1-0"]
[WhiteElo "1921"]
[BlackElo "1791"]
[PlyCount "78"]
[EventDate "2010.??.??"]
[WhiteTeam "Slovakia"]
[BlackTeam "Slovakia"]
[WhiteTeamCountry "SVK"]
[BlackTeamCountry "SVK"]

1. e4 d5 2. exd5 Nf6 3. d4 Nxd5 4. c4 Nb6 5. Nc3 g6 6. Be3 Bg7 7. h3 O-O 8. Nf3
Nc6 9. d5 Ne5 10. Nxe5 Bxe5 11. Qb3 e6 12. Rd1 exd5 13. cxd5 Qe7 14. Be2 Re8
15. O-O Qh4 16. f4 Bg7 17. Rf3 Bd7 18. Bf2 Qe7 19. Re1 Qd6 20. Bg3 Qc5+ 21. Kh2
Rad8 22. Bh4 Rc8 23. Rd3 Bf5 24. Rdd1 Be4 25. Bg4 Bf5 26. Bxf5 gxf5 27. Rf1 Re3
28. Bf2 Bd4 29. Bxe3 Bxe3 30. Rf3 Re8 31. Qb5 Qe7 32. d6 cxd6 33. Qxf5 Kh8 34.
Rd3 Bc5 35. Rg3 f6 36. Ne4 Nd7 37. Nxc5 Nxc5 38. Rde3 Ne6 39. Qh5 Qd7 1-0

[Event "SR 2. liga A 2010/2011"]
[Site "?"]
[Date "2011.02.05"]
[Round "36.8"]
[White "Mihalik, Anton"]
[Black "Kahancova, Jana"]
[Result "1-0"]
[WhiteElo "1919"]
[BlackElo "1581"]
[PlyCount "71"]
[EventDate "2010.??.??"]
[WhiteTeam "Slovakia"]
[BlackTeam "Slovakia"]
[WhiteTeamCountry "SVK"]
[BlackTeamCountry "SVK"]

1. c4 e5 2. Nc3 Nf6 3. Nf3 d6 4. g3 Be7 5. Bg2 c6 6. O-O Be6 7. b3 Nbd7 8. d4
exd4 9. Nxd4 O-O 10. Nxe6 fxe6 11. e4 Nb6 12. Be3 Qc7 13. Qe2 Rad8 14. Rfd1 d5
15. exd5 cxd5 16. Nb5 Qe5 17. f4 Qh5 18. Qxh5 Nxh5 19. Nxa7 Na8 20. cxd5 exd5
21. Bxd5+ Kh8 22. Bxb7 Nf6 23. Nc6 Rxd1+ 24. Rxd1 Ba3 25. Bxa8 Rxa8 26. Rd8+
Rxd8 27. Nxd8 Nd5 28. Bd4 Nb4 29. Bc5 Nc2 30. Bxa3 Nxa3 31. Kf2 Kg8 32. Ke3 Kf8
33. Kd3 Ke7 34. Nc6+ Kd6 35. Nd4 Kc5 36. g4 1-0

[Event "SR 2. liga A 2010/2011"]
[Site "?"]
[Date "2011.02.06"]
[Round "37.1"]
[White "Federic, Pavol"]
[Black "Klemanic, Emil"]
[Result "1/2-1/2"]
[WhiteElo "2213"]
[BlackElo "2257"]
[PlyCount "116"]
[EventDate "2010.??.??"]
[WhiteTeam "Slovakia"]
[BlackTeam "Slovakia"]
[WhiteTeamCountry "SVK"]
[BlackTeamCountry "SVK"]

1. e4 d6 2. d4 Nf6 3. Nc3 e5 4. Nf3 Nbd7 5. Bc4 Be7 6. Be3 O-O 7. h3 c6 8. Bb3
b5 9. a3 a6 10. Qe2 Bb7 11. dxe5 dxe5 12. Rd1 Qc7 13. Nh4 Nc5 14. Nf5 Nxb3 15.
cxb3 Rfd8 16. Nxe7+ Qxe7 17. b4 Rxd1+ 18. Qxd1 Rd8 19. Qc2 Qe6 20. O-O Bc8 21.
Ne2 Nh5 22. Rc1 Rd6 23. Bc5 Rd7 24. Bb6 Bb7 25. Qc3 f6 26. Qe3 g6 27. Rc3 Rd1+
28. Kh2 Qd6 29. Bc5 Qd2 30. g4 Nf4 31. Rc1 Nd3 32. Rxd1 Qxd1 33. Kg2 Bc8 34.
Nc3 Qc2 35. Be7 Kf7 36. Bd6 Ke6 37. Bf8 Kf7 38. Bh6 g5 39. Qa7+ Ke8 40. Qb6 Kd7
41. Bf8 Nf4+ 42. Kh2 Ng6 43. Bc5 Qd2 44. Qa7+ Ke8 45. Qxh7 Qf4+ 46. Kg1 Qc1+
47. Nd1 Qxd1+ 48. Kh2 Qb3 49. Qxg6+ Qf7 50. Qh6 Kd7 51. Qh8 Kc7 52. Bd6+ Kxd6
53. Qxc8 Qa7 54. Qf8+ Ke6 55. Qc5 Qxc5 56. bxc5 a5 57. h4 Kf7 58. a4 b4 1/2-1/2

[Event "SR 2. liga A 2010/2011"]
[Site "?"]
[Date "2011.02.06"]
[Round "37.2"]
[White "Frindt, Kornel"]
[Black "Banas, Kamil"]
[Result "0-1"]
[WhiteElo "2210"]
[BlackElo "2255"]
[PlyCount "106"]
[EventDate "2010.??.??"]
[WhiteTeam "Slovakia"]
[BlackTeam "Slovakia"]
[WhiteTeamCountry "SVK"]
[BlackTeamCountry "SVK"]

1. e4 c5 2. Nf3 d6 3. d4 cxd4 4. Nxd4 Nf6 5. Nc3 e6 6. Be2 a6 7. a4 Be7 8. O-O
O-O 9. f4 Qc7 10. Qe1 Nbd7 11. g4 d5 12. exd5 Bc5 13. Be3 e5 14. Nf5 exf4 15.
Bxc5 Nxc5 16. b4 Bxf5 17. gxf5 Rac8 18. Qf2 Ncd7 19. Ra3 Rfe8 20. Bd3 f3 21.
Qd4 Qe5 22. Qxe5 Nxe5 23. b5 a5 24. b6 Red8 25. Bb5 Nxd5 26. Rd1 Ne3 27. Rxd8+
Rxd8 28. Ne4 Nxf5 29. Rc3 Nd4 30. Rc7 Ng4 31. Rd7 Rxd7 32. Bxd7 f5 33. Nf2 Ne5
34. Bc8 Nc4 35. Bxb7 Nxb6 36. c4 Nxa4 37. Nd3 Kf8 38. Kf2 Ke7 39. Ke3 Ne6 40.
Bxf3 Nac5 41. Ne5 a4 42. Nc6+ Kd6 43. Nb4 f4+ 44. Kd2 Nd4 45. Bd1 g5 46. Kc3
Ke5 47. Nd5 a3 48. Nb4 f3 49. Kd2 f2 50. Be2 Ne4+ 51. Ke3 Nxe2 52. Kxe2 Kd6 53.
Nc2 a2 0-1